Top 10 des chanteurs les plus streamés en 2025 [Spotifiy] - Statistiques

Statistiques générales
  • Ce quiz a été pris 69 fois
  • Le résultat moyen est 4 sur 10
Statistiques - réponses
Hint Réponse % Correct
2 Taylor Swift
78%
7 Bruno Mars
57%
4 Drake
57%
1 Bad Bunny
55%
3 The Weeknd
47%
8 Ariana Grande
43%
5 Billie Eilish
31%
6 Kendrick Lamar
24%
9 Arijt Singh
0%
10 Fuerza Regida
0%
Aucun quiz correspondant
Distribution des résultats
% des personnes avec chaque résultat
Percentile par nombre de réponses
Votre historique - résultats
Vous n’avez pas pris ce quiz